| 000 | 00525pam a2200193 i 4500 | ||
|---|---|---|---|
| 001 | 2264777 | ||
| 005 | 20250521125743.0 | ||
| 008 | 780926s1979 nyua b 001 0 eng | ||
| 020 | _a0060409363 | ||
| 050 | 0 | 0 |
_aHB171.5 _b.B69492 1979 |
| 082 | 0 | 0 | _a339 |
| 100 | 1 | _aBranson, William H. | |
| 245 | 1 | 0 |
_aMacroeconomic theory and policy / _cWilliam H. Branson. |
| 250 | _a2d ed. | ||
| 260 |
_aNew York : _bHarper & Row, _cc1979. |
||
| 300 |
_axiv, 556 p. : _bill. ; _c24 cm. |
||
| 650 | 0 | _aMacroeconomics. | |
| 942 |
_2lcc _cBK _n0 |
||
| 999 |
_c5894 _d5894 |
||